000 02027 a2200241 4500
020 _a0761959505
020 _a9780761959502
082 0 4 _a658
090 _c2876
_d2876
100 1 _aRemenyi, Professor Dan.
245 1 0 _aDoing research in business and management :
_ban introduction to process and method /
_cProfessor Dan Remenyi.
250 _a1st ed.
260 _a[S.l.] :
_bSage Publications Ltd,
_c1998.
300 _a320 p. ;
_c23 cm.
500 _aPaperback.
520 _aDoing Research in Business and Management provides a comprehensive overview of management research and research methodology. Taking the reader through all the major stages of the research process, this wide-ranging text introduces the key methods that are available to students as researchers in management and business. Highlighting first the different contexts and purposes, strategies and tactics, and programmes and process of management research, the authors then move on to a detailed review of the relevant research approaches and methods. They discuss the inter-relationship of theoretical and empirical research, , and how these apply in practice. The implications of using quantitative and qualitative methods are examined and the book also contains pracical advice on available analysis techniques and software packages. It concludes with a close look at how masters and doctoral degrees are evaluated by examiners, including a check list for students to ensure that they have complied with the main course requirements. Doing Research in Business and Management will be an invaluable guide and resource for students doing a taught or research- based degree in management and business studies.
700 1 _aWilliams, Dr Brian.
700 1 _aMoney, Professor Arthur.
700 1 _aSwartz, Dr Ethne.
856 4 0 _3Amazon.com
_uhttp://www.amazon.com/exec/obidos/ASIN/0761959505/chopaconline-20
856 4 0 _3Amazon customer reviews
_uhttp://www.chopac.org/cgi-bin/tools/azrev.pl?q=0761959505
942 _aNBS
_cBK
_k658.03 REM
999 _c345366
_d345366